Notas de población (Registro nro. 8890)

Detalles MARC
000 -LEADER
fixed length control field 01899nas a2200289 454500
001 - CONTROL NUMBER
control field 41841
005 - DATE AND TIME OF LATEST TRANSACTION
control field 20260407193511.0
008 - FIXED-LENGTH DATA ELEMENTS--GENERAL INFORMATION
fixed length control field 260407s1973####ag###########|||spa#d
003 - CONTROL NUMBER IDENTIFIER
control field AR-UNSa-BCEJYS
040 ## - CATALOGING SOURCE
Original cataloging agency AR-UNSa-BCEJYS
Language of cataloging spa
Transcribing agency AR-UNSa-BCEJYS
080 ## - UNIVERSAL DECIMAL CLASSIFICATION NUMBER
Universal Decimal Classification number 314
Common auxiliary subdivision Demografía. Estudios de población
022 ## - INTERNATIONAL STANDARD SERIAL NUMBER
International Standard Serial Number 0303-1829
041 ## - LANGUAGE CODE
Language code of text/sound track or separate title spa
100 1# - MAIN ENTRY--PERSONAL NAME
Personal name Centro Latinoamericano y Caribeño de Demografía (CELADE)
245 10 - TITLE STATEMENT
Title Notas de población
264 #1 - PRODUCTION, PUBLICATION, DISTRIBUTION, MANUFACTURE, AND COPYRIGHT NOTICE
Place of production, publication, distribution, manufacture Santiago :
Name of producer, publisher, distributor, manufacturer CELADE (Centro Latinoamericano de Demografía)
Date of production, publication, distribution, manufacture, or copyright notice 1973
310 ## - CURRENT PUBLICATION FREQUENCY
Current publication frequency Frecuencia: Anual
520 ## - SUMMARY, ETC.
Summary, etc. La revista Notas de Población es una publicación del Centro Latinoamericano y Caribeño de Demografía (CELADE), División de Población de la CEPAL, cuyo propósito principal es la difusión de investigaciones y estudios de población sobre América Latina y el Caribe, aun cuando recibe con particular interés artículos de especialistas de fuera de la región y, en algunos casos, contribuciones que se refieren a otras regiones del mundo. Se publica dos veces al año, con una orientación interdisciplinaria, por lo que acoge tanto artículos sobre demografía así como otros que aborden las relaciones entre las tendencias demográficas y los fenómenos económicos, sociales y biológicos. Las opiniones expresadas en esta revista son responsabilidad de los autores y pueden no coincidir con las del Centro Latinoamericano y Caribeño de Demografía (CELADE) – División de Población de la CEPAL.
590 ## - LOCAL NOTE (RLIN)
Local note niveau_biblio:s niveau_hierar:1
650 ## - SUBJECT ADDED ENTRY--TOPICAL TERM
Topical term or geographic name entry element Población indígena
650 ## - SUBJECT ADDED ENTRY--TOPICAL TERM
Topical term or geographic name entry element Ciencias sociales
650 ## - SUBJECT ADDED ENTRY--TOPICAL TERM
Topical term or geographic name entry element Demografía
700 1# - ADDED ENTRY--PERSONAL NAME
Personal name Naciones Unidas. Comisión Económica para América Latina y el Caribe (CEPAL)
700 1# - ADDED ENTRY--PERSONAL NAME
Personal name Martínez Pizarro, Jorge
856 41 - ELECTRONIC LOCATION AND ACCESS
Uniform Resource Identifier <a href="https://biblioeco.unsa.edu.ar/pmb/images/revistas/R20735.jpg">https://biblioeco.unsa.edu.ar/pmb/images/revistas/R20735.jpg</a>
Link text Imagen de portada
Electronic format type image/jpeg
942 ## - ADDED ENTRY ELEMENTS (KOHA)
Koha item type
Existencias
Withdrawn status Lost status Damaged status Not for loan Home library Current library Shelving location Date acquired Serial enumeration / chronology Total checkouts Full call number Barcode Date last seen Price effective from Koha item type
        Biblioteca Prof. Eusebio Cleto del Rey Biblioteca Prof. Eusebio Cleto del Rey   01/07/2018 Año XLV, Nº 107 - jul./dic. 2018   H314 NDP 107 R22136 10/04/2026 10/04/2026 Numero
        Biblioteca Prof. Eusebio Cleto del Rey Biblioteca Prof. Eusebio Cleto del Rey   01/07/2017 Año XLIV, Nº 105 - jul./dic. 2017   H314 NDP 105 R21710 10/04/2026 10/04/2026 Numero
        Biblioteca Prof. Eusebio Cleto del Rey Biblioteca Prof. Eusebio Cleto del Rey   01/07/2016 Año XLIII, Nº 103 - jul./dic. 2016   H314 NDP 103 R20735 10/04/2026 10/04/2026 Numero
        Biblioteca Prof. Eusebio Cleto del Rey Biblioteca Prof. Eusebio Cleto del Rey   01/01/2010 Año XXXVII, Nº 90 - ene./jun. 2010   H314 NDP 90 R21644 10/04/2026 10/04/2026 Numero
        Biblioteca Prof. Eusebio Cleto del Rey Biblioteca Prof. Eusebio Cleto del Rey   01/07/2009 Año XXXVI, Nº 89 - jul./dic. 2009   H314 NDP 89 R21643 10/04/2026 10/04/2026 Numero